000 00518nam a2200145 4500
999 _c17001
_d17001
008 220527b ||||| |||| 00| 0 eng d
022 _a0117-3308
082 _aDPer 004.1105 C73 Sept 2010 - April 2011 v. 20 n. 3-9
245 _aLawmakers push for cybercrime law to curb 'silent epidemic' in victims/
260 _aPhilippines:
_bSchneider Electric,
_c©2010-2011.
300 _av20 n9, page 4
_b color illustrations;
_c27 cm.
500 _aComputer world.
650 _aComputer crimes.
_x
_945257
942 _2ddc
_cPER